| 000 | 01332namaa2200325 i 4500 | ||
|---|---|---|---|
| 003 | EG-GICUC | ||
| 005 | 20260615145354.0 | ||
| 008 | 260615s2003 ua ||||jr|||| 000 0 ara d | ||
| 017 |
_a2003 / 10425 _bدار الكتب والوثائق القومية(مصر) |
||
| 020 | _a9775259657 | ||
| 040 |
_aEG-GiCUC _bara _cEG-GiCUC _dEG-GiCUC _erda |
||
| 082 | 0 | 4 |
_221 _a239.9 _bU95i |
| 092 | 0 | 4 |
_221 _a239.9 _bU95i |
| 099 | _a239.9 U95i | ||
| 100 | 1 |
_aمنصور، إبراهيم الدسوقى سيد _eمؤلف. |
|
| 245 | 1 | 2 |
_aالصفى الخفى سيدى أويس القرنى / _cتأليف الشيخ إبراهيم الدسوقى سيد منصور ؛ مراجعة د. عطية مصطفى محمد حسين |
| 264 |
_aالقاهرة (مصر ) : _bدار جوامع الكلم، _c2003. |
||
| 300 |
_a؛ 348 صفحة _b. _c24 سم |
||
| 336 |
_2rdacontent _atext |
||
| 337 |
_2rdamedia _aUnmediated |
||
| 338 |
_2rdacarrier _avolume |
||
| 504 | _aيشتمل على ارجاعات ببليوجرافية | ||
| 541 |
_aوزارة الثقافة ؛ _bالقاهرة ؛ _cإهداء ؛ _d2023. |
||
| 600 | _aأويس القرني، | ||
| 650 | 1 | 7 |
_aالصحابة والتابعين _2qrmak |
| 651 | 1 | _2qrmak | |
| 700 | 1 |
_aحسين، عطية مصطفى محمد _eمراجع. |
|
| 905 | _aHuda | ||
| 942 |
_2ddc _cBK _e21 _n0 |
||
| 999 |
_c180547 _d180547 |
||